Wybory prezydenckie RP 2025 na mapie- najwyższe poparcie wojewódzkie - Statystyki

Ogólne statystyki
  • Ten quiz został rozwiązany 82 razy
  • Średni wynik to 15 z 16
Odpowiedzi na mapie
Odpowiedzi zakodowano w zielono-czerwonej skali na mapie do tego quizu, zgodnie z poniższymi procentami.
 
Statystyki odpowiedzi
Procent
głosów
Województwo i kandydat % Poprawnych
31,52% Mazowieckie- Trzaskowski
100%
35,64% Podlaskie- Nawrocki
97%
42,77% Podkarpackie- Nawrocki
96%
32,17% Łódzkie- Nawrocki
94%
39,02% Lubelskie- Nawrocki
94%
38,05% Pomorskie- Trzaskowski
94%
40,31% Zachodniopomorskie- Trzaskowski
94%
36,52% Dolnośląskie- Trzaskowski
93%
35,21% Małopolskie- Nawrocki
93%
33,37% Śląskie- Trzaskowski
91%
39,94% Świętokrzyskie- Nawrocki
91%
35,63% Kujawsko-Pomorskie- Trzaskowski
90%
35,59% Opolskie- Trzaskowski
90%
34,56% Warmińsko-Mazurskie- Trzaskowski
90%
35,04% Wielkopolskie- Trzaskowski
90%
40,49% Lubuskie- Trzaskowski
88%
Nie znaleziono quizów pasujących do podanych kryteriów
Rozkład punktacji
Procent ludzi z każdym wynikiem
Percentyl według liczby udzielonych odpowiedzi
Twoja historia wyników
Nie rozwiązałeś tego quizu